|
|
|
|
| LEADER |
00870nam a2200253 i 4500 |
| 001 |
28435 |
| 003 |
BD-DhAAL |
| 005 |
20141022144157.0 |
| 008 |
141022s2011 gh b 000 1 eng |
| 010 |
|
|
|a 77363658
|
| 020 |
|
|
|a 9847002001403
|
| 040 |
|
|
|a DLC
|c DLC
|d DLC
|d BD-DhAAL
|
| 050 |
0 |
0 |
|a PR3317
|b .O7 1977
|
| 082 |
|
|
|2 22
|a 823/.4
|
| 100 |
1 |
|
|a Behn, Aphra,
|d 1640-1689.
|9 5795
|
| 245 |
1 |
0 |
|a Oroonoko /
|c Aphra Behn
|
| 260 |
|
|
|a Dhaka :
|b Friends Book Corner ,
|c 2011.
|
| 300 |
|
|
|a xciv, 111 p. ;
|c 18 cm.
|
| 541 |
|
|
|e 28435
|
| 650 |
|
0 |
|a Slaves
|z Suriname
|v Fiction.
|9 5796
|
| 740 |
|
|
|a Oroonoko.
|
| 942 |
|
|
|2 ddc
|c BK
|
| 999 |
|
|
|c 32972
|d 32972
|
| 952 |
|
|
|0 0
|1 0
|2 ddc
|4 0
|6 823_400000000000000_BEH
|7 0
|9 43916
|a BRACUL
|b BRACUL
|c GEN
|d 2014-10-22
|e Friends Book Corner
|l 7
|m 41
|o 823.4 BEH
|p 3010028435
|r 2026-04-25
|s 2026-02-19
|t 1
|w 2014-10-22
|y BK
|x Transferred from BIL to BRACUL on 06/06/22
|